| 000 | 00686nam a22001575i 4500 | ||
|---|---|---|---|
| 001 | 155314 | ||
| 003 | ES-MaACL | ||
| 005 | 20230906210030.0 | ||
| 008 | 970226s1880 sp |||| | spa d | ||
| 040 |
_aCLM _bspa _cCCPB | SIC |
||
| 100 | 1 |
_aHernández Briz, Baltasar. _962895 |
|
| 245 | 1 | 3 |
_aLa septicemia y la piohemia _b: (estudio comparativo y crítico) / _ctesis sostenida en la Facultad de Medicina de la Universidad Central para optar algrado de doctor por Baltasar Hernandez Briz. |
| 260 |
_aMadrid : _b[s.n.], _c1880 ( _fEstablecimiento tipográfico de Gregorio Juste) |
||
| 300 |
_a48 p. ; _c26 cm. |
||
| 852 |
_aES-MaACL _jT-634-F-8 _z-- Enc. hol. _z-- Enc. en un vol. facticio |
||
| 999 |
_c155314 _d155314 |
||